MARC

LEADER 00000nam0a2200000 4500
001 21017
005 20231030192325.0
035 |a (RuTPU)RU\TPU\book\21212 
035 |a BOOK00005905 
090 |a 21017 
100 |a 20011209d1972 k y0rusy50 ca 
101 0 |a rus 
102 |a RU 
105 |a y z 000zy 
200 1 |a Древнерусское искусство. Художественная культура домонгольской Руси  |e [сборник статей]  |f Академия наук СССР (АН СССР), Институт истории искусств 
210 |a Москва  |c Наука  |d 1972 
215 |a 363 с. 
610 1 |a искусство 
610 1 |a изобразительное искусство 
610 1 |a Древняя Русь 
610 1 |a история 
610 1 |a 11 век 
610 1 |a 12 век 
610 1 |a 13 век 
610 1 |a живопись 
610 1 |a древнерусское искусство 
610 1 |a иконопись 
610 1 |a архитектура 
675 |a 7С(09)  |v 3 
712 0 2 |a Академия наук СССР (АН СССР)  |b Институт истории искусств  |c (1944-1961)  |c (Москва)  |2 stltpush  |3 (RuTPU)RU\TPU\col\11815 
801 0 |a RU  |b 63413507  |c 20011209  |g PSBO 
801 2 |a RU  |b 63413507  |c 20171128  |g PSBO 
942 |c BK